| 000 | 00629nam a2200181Ia 4500 | ||
|---|---|---|---|
| 003 | GCL | ||
| 005 | 20240530103844.0 | ||
| 008 | 140319s9999 xx 000 0 ara d | ||
| 040 |
_aGCL / _cGCL |
||
| 082 | 0 | 4 |
_a372.07 _bى د |
| 100 | _aيوسف ميخائيل اسعد | ||
| 245 | 1 | 0 |
_aدليل الاضواء : ارشادات تربوية للاباء والامهات لمساعدة اولادهم فى استذكار دروسهم/ _cيوسف ميخائيل اسعد |
| 300 | _a95 ص | ||
| 650 | 0 | 4 | _aالتربية والتعليم |
| 650 | 0 | 4 | _aالادلة التربوية |
| 650 | 0 | 4 | _aالاضواء |
| 942 |
_2ddc _cBK |
||
| 999 |
_c43000 _d43000 |
||